[Event "Beersheba-Peterburg Kings m"]
[Site "St Petersburg"]
[Date "1999.06.14"]
[Round "9"]
[White "Avrukh, Boris"]
[Black "Aseev, Konstantin N"]
[Result "1-0"]
[WhiteElo "2609"]
[BlackElo "2519"]
[Annotator "Wells,P"]
[PlyCount "79"]
[EventDate "1999.06.??"]
[EventType "schev"]
[EventRounds "10"]
[EventCountry "RUS"]
[SourceTitle "CBM 072"]
[Source "ChessBase"]
[SourceDate "1999.10.01"]
[SourceVersion "1"]
[SourceVersionDate "1999.10.01"]
[SourceQuality "1"]

1. d4 Nf6 2. c4 e6 3. Nc3 Bb4 4. e3 c5 5. Nge2 cxd4 6. exd4 d5 7. c5 Ne4 8. Bd2
Bxc3 $5 {Once a rare side-line, this is enjoying quite a renaissance of late.
Exchanging twice on c3 would bring no joy, but by exchanging thus, black wants
to exploit the position of the bishop on d2 to create rapid play against the
d4 pawn, even at the price of compromising his own central structure.} (8...
Nxd2 9. Qxd2 {is the main line, when the traditional approach continues} a5 (
9... Qd7 {[%cal Gb4a5,Ga5d8]}) ({and} 9... Qf6 {[%cal Gb4a5,Ga5d8] are
alternatives, creating a retreat for the bishop on b4. White's space advantage
battles against black's bishop pair.}) 10. a3 Bxc3 11. Nxc3 a4 {[%csl Rd4]
[%cal Gb7b6,Gb8c6,Yf1d3,Ye1g1,Yh1f1,Yf1e1,Ye1e3,Ye3g3,Yf2f4] where black tries
to play on the queenside and against d4, but white has serious prospects of
his own on the king-side.}) (8... Nc6 $5 {[%cal Gc6d4] is the alternative way
to target the d4 pawn.} 9. Nxe4 dxe4 10. Bxb4 Nxb4 11. Nc3 $5 (11. Qa4+ Nc6 12.
Rd1 Qg5 13. Nc3 e3 $1 14. f3 O-O 15. Ne4 {1-0 Lugovoi,A-Aseev,K/St.Petersburg
1995/CBM 47 (57)} Qh6 $5 {gives black the sort of tactical chances he is
seeking.}) 11... f5 $1 ({The ending after the over-direct} 11... Qxd4 $6 12.
Qxd4 Nc2+ 13. Kd2 Nxd4 14. Nxe4 Ke7 15. Kc3 {[%cal Ge6e5,Yf2f4,Ya1d1,Ye4d6]
favours white, spatially, and in terms of the stability of the respective
knight outposts since any ...e5 by black can be undermined by the advance of
white's f-pawn.}) 12. Bb5+ (12. Qa4+ Nc6) 12... Bd7 13. O-O Nd5 (13... Bxb5 14.
Nxb5 O-O 15. f3 e3 16. f4 Qf6 17. Qa4 a6 18. Nc7 e2 19. Rf2 Qxd4 $13 {1-0
Bareev,E-Aseev,K/Leningrad 1990/URS-ch (29)}) 14. Qb3 Bxb5 15. Qxb5+ Qd7 16. f3
Nxc3 17. Qxd7+ Kxd7 18. bxc3 exf3 19. Rxf3 b6 $1 {1/2-1/2 Vaisser,A-Garcia
Ilundain,D/Las Palmas 1993/EXT 98/(55). Both sides have a fair spread of
weaknesses and targets.}) 9. Nxc3 O-O $5 (9... Nc6 {[%csl Rd4] looked to me
more consistent, although the current game has helped me to warm to 9...0-0.})
(9... Nc6 10. Nxe4 dxe4 11. Be3 $5 (11. Bc3) 11... O-O 12. Qd2 f5 13. O-O-O Ne7
14. f3 Bd7 15. Bc4 Nd5 16. fxe4 fxe4 17. Rhe1 Qe8 18. Bg1 $14 {[%csl Re4] 1-0
Volkov,S-Aseev,K/St. Petersburg 1998/CBM 67 (46)}) 10. Nxe4 dxe4 11. Bf4 {
This is the extra possibility afforded white by 9...0-0. All games from this
position have followed this course, and indeed it is quite possible that} (11.
Be3 {could be well met by} Nd7 $5 {[%cal Gd7f6]}) (11. Bc3 Nd7 {[%cal Gd7f6]} (
11... b6 $5 $132)) 11... Nc6 12. Bd6 Re8 13. Qd2 {Otherwise, ...Qa5+ is an
issue.} e5 $1 (13... Ne7 14. O-O-O Nf5 15. Bf4 Bd7 16. g4 (16. h4 Ba4 $1 17. b3
Bc6 $132 {[%csl Ra3,Rc3][%cal Ge4e3,Yg2g4]}) 16... Nh4 17. Be2 Qc8 18. Bg3 Nf3
19. Bxf3 exf3 20. h4 b6 21. h5 h6 (21... bxc5 $5 22. h6 $1 cxd4+ 23. Kb1 {
[%csl Rg7]} Ba4 24. Rc1 (24. Qg5 Qc2+ 25. Ka1 Qg6 $13) 24... Qd7 25. hxg7 $40)
22. g5 bxc5 23. gxh6 cxd4+ 24. Kb1 Qc5 25. Qxd4 Qxd4 26. Rxd4 $16 {1/2-1/2
Praslov,A-Ivanov,S/St. Petersburg 1999/CBM 70 ext (46)}) 14. dxe5 (14. d5 Nd4 {
[%csl Gd4,Rd6]}) 14... Nxe5 15. O-O-O (15. Bxe5 Qxd2+ 16. Kxd2 Rxe5 17. Rc1 Be6
$132) 15... Bg4 $5 {On the present evidence I have to conclude that the ball
is pretty much in white's court in this variation. Black's attacking chances
look good since with the black bishop headed for f5, running with the king via
b1 is rarely an option, and meanwhile black has resources on the c-file.
Incidentally this is a necessary prelude to playing ...Bf5 for tactical
reasons since} (15... Bf5 $2 16. Qf4 $1 Qf6 17. Rd5 {[%csl Re5,Rf5]} Be6 18.
Qxe5 Bxd5 19. Qxd5 Qxf2 20. Bb5 $16 {should win for white.}) ({Still the
previously played} 15... Qf6 $5 {also has its attractions.} 16. Bb5 Bf5 $1 17.
Qd5 (17. Bxe8 $2 Nd3+ 18. Kb1 e3 $17 {[%cal Yf5b1,Yd3b4]}) 17... Nd3+ 18. Bxd3
exd3 19. Qxb7 Qd4 20. Rd2 Rac8 21. Kb1 Re2 22. Rhd1 Qxf2 23. Qb4 {0-1 Van
Beers,E-Adler,J/Antwerpen 1992/CBM 30 ext (36)} Re1 $1 $19 {[%csl Rc2]}) 16.
Re1 Bf5 {[%csl Rc1][%cal Gf5b1,Ga8c8,Gc8c1]} 17. Qf4 ({After} 17. f3 Nd3+ 18.
Bxd3 exd3 {[%csl Gd3] the d-pawn would always be a thorn in white's side.})
17... Qf6 18. g4 Rac8 $2 ({I may be missing something, but I simply cannot
make anything work for white after the natural} 18... Nxg4 $1 19. Rg1 (19. Bh3
Nxf2 $1 20. Qxf5 Nd3+ $40 21. Kd2 Qxb2+ 22. Ke3 Nxe1 23. Rxe1 Qa3+ $17) (19.
Be2 Be6 $17) (19. Bb5 Ne5 $1 {[%csl Rd3]}) 19... Rac8 20. Bb5 (20. Bh3 Nxf2 21.
Qxf5 Nd3+) 20... Ne5 $15 (20... Re5 $5 21. Bxe5 Qxe5 22. Qxe5 Nxe5)) 19. Rd1
Bg6 $6 (19... Nxg4 $5 20. Bb5 $13) 20. Qxf6 gxf6 21. Rg1 Re6 22. Rd5 a5 23. a3
a4 24. Rg3 Nd3+ 25. Kd2 $1 Nxf2 26. Bb5 $1 {[%csl Yb5,Yd6] From having looked
a decidedly mixed blessing in the opening, the position of white's advanced
bishop on d6 suddenly looks a very strong asset, and the bishop pair may cause
black many problems.} Rd8 27. Bxa4 Nd3 28. h4 {Strange.} (28. b4 $5 {looks
very strong.}) 28... Nxb2 (28... Nxc5 $5 29. Rxc5 Rexd6+ 30. Ke1 Rd3 31. Rxd3
exd3 {[%cal Gg6e4] looks like a real chance for black to defend successfully.})
29. Bb3 h6 30. h5 $16 Bh7 {[%csl Rb7,Rf7,Rh7] The bishop is pretty sad here,
but the urgent point as we shall see is the weakness of f7.} 31. Bc7 Ra8 (31...
Rxd5+ 32. Bxd5 Re7 33. Bd6 Rd7 34. Rb3 {[%csl Rb2,Yd5,Yd6,Rh7] A contrast in
minor-piece influence.}) 32. Rd7 Nd3 33. Bxe6 fxe6 34. Bd6 Rxa3 35. Rxb7 Ra2+
36. Kc3 Nf2 37. Rb8+ Kf7 38. Rb7+ Kg8 39. Kb3 Ra1 40. c6 1-0

[Event "Enghien les Bains 4th"]
[Site "Enghien les Bains"]
[Date "2001.04.11"]
[Round "1"]
[White "Lautier, Joel"]
[Black "Tkachiev, Vladislav"]
[Result "1/2-1/2"]
[WhiteElo "2658"]
[BlackElo "2672"]
[Annotator "Wells,P"]
[PlyCount "41"]
[EventDate "2001.04.11"]
[EventType "tourn"]
[EventRounds "9"]
[EventCountry "FRA"]
[EventCategory "17"]
[SourceTitle "CBM 083"]
[Source "ChessBase"]
[SourceDate "2001.07.05"]
[SourceVersion "1"]
[SourceVersionDate "2001.07.05"]
[SourceQuality "1"]

1. d4 Nf6 2. c4 e6 3. Nc3 Bb4 4. e3 c5 5. Nge2 d5 6. a3 Ba5 $5 {A rather
unusual move to be sure, but by no means a clearly inferior one. As usual
after Nge2, white has to clarify the central structure in reply since there is
scarcely any other sensible way to develop.} ({The only real alternative to
this is of course} 6... Bxc3+ {one reason why throwing in ...cxd4 on move 5,
is so popular.} 7. Nxc3 cxd4 8. exd4 dxc4 9. Bxc4 Nc6 10. Be3 O-O 11. O-O {
with a fairly typical IQP position - white has the bishop pair, black benefits
from the absence of the f3 knight, in that te bishop on e3 may find itself
tied to defending d4, but I think white has an edge.}) 7. dxc5 {This looks
best.} (7. cxd5 cxd4 $5 (7... Nxd5 8. dxc5 Nxc3 9. Qxd8+ Kxd8 10. Nxc3 Bxc3+
11. bxc3 {seems to give white good chances for advantage. He plays e4 and
concentrates on the dark squares.}) 8. Qxd4 (8. exd4 Nxd5 {is very comfortable.
}) 8... exd5 9. Qe5+ Kf8 10. Bd2 Nc6 {and I would choose black's free-flowing
development, often with tempo, over white's chances of exploiting his
opponent's king's position.} 11. Qf4 Bd7 12. Nd4 h6 13. f3 Bc7 14. Qh4 g5 15.
Nxc6 Bxc6 16. Qb4+ Bd6 17. Qb3 Qc7 $15 {1/2-1/2 Podgaets,M-Shamkovich,L/USSR
1972 (61)}) 7... dxc4 8. Qxd8+ (8. Qa4+ $6 {looks dubious in view of} Nc6 9.
Nd4 (9. Qxc4 $6 Ne5 10. Qb5+ Bd7 11. c6 Nxc6 12. Qxb7 {is unsurprisingly too
risky} Rb8 13. Qa6 O-O $44 14. b4 $140 Bxb4 $1 15. axb4 Nxb4 16. Qxa7 Nc2+ 17.
Kd1 Ba4+ $1 18. Bd2 Nxa1+ 19. Qxa4 Nb3 $40) 9... Bxc3+ (9... Ne4 $5 10. Nxc6 (
10. Bd2 $1 Nxc5 (10... Nxd2 11. Nxc6 bxc6 12. Rd1 Bxc3 13. bxc3 Qd5 14. Rxd2
Qxc5 15. Bxc4 O-O {is also virtually equal.}) 11. Qxc4 Nxd4 12. exd4 Nd7 $13)
10... Nxc3 11. Qc2 bxc6 12. bxc3 Qd5 $15) 10. bxc3 Bd7 11. Qxc4 O-O 12. Nxc6
Bxc6 13. f3 Nd7 14. Be2 Qg5 15. O-O Qxc5 16. Qxc5 Nxc5 17. Rb1 {1-0
Edzgveradze,N-Ptacnikova,L/Lazne Bohdanec 1995/EXT 97 (49) with a typical
Nimzo structure, but one with must be OK for black especially without queens.})
8... Kxd8 {This looks natural. However, while the presence of the bishop on a5
effectively discourages white from simply moving the e2 knight and picking off
his opponent's c4 pawn, after the preparatory Bd2, a certain tactical tension
is created between the two bishops on d2 and a5 which is by no means clearly
to black's advantage. Therefore, the alternative} (8... Bxd8 $5 {does come
into serious consideration, and it is not clear why c4 should be significantly
weaker than c5. In practice, white has yet to demonstrate a clear plus plus in
this line.} 9. Ng3 $5 (9. Nd4 {looks purposeful, but is no better eg.} Nbd7 10.
Bxc4 (10. c6 {looks tempting, but can easily simply result in assisting
black's development eg.} Ne5 11. Ncb5 O-O 12. Nd6 (12. c7 Be7 13. Bd2 Bd7 $132
{while any f4 will be well enough met with Nd3+.}) 12... Ba5+ 13. Bd2 c3 14.
Bxc3 Bxc3+ 15. bxc3 Nxc6 16. Nxc6 bxc6 17. O-O-O Rd8 18. Be2 Kf8 19. Rd2 Rb8
$13 {1/2-1/2 Aleksandrov,A-Tunik,G/St. Petersburg 1998/CBM 67 ext (53).}) 10...
Nxc5 11. f3 a6 12. b4 Ncd7 13. e4 b5 14. Be2 Bb7 15. Be3 Rc8 16. Rc1 {[%csl
Rb7,Gc4,Ye4,Yf3] in such positions, the f3 and e4 pawns are pretty effective
at blunting black's light-squared bishop, but the c-file and the squares
created for both sides knights on the queen's side create a whole extra
story-line there too. I don't think white has anything serious.} Ne5 17. Nb3
Nfd7 18. Kf2 Nc4 19. Bxc4 Rxc4 20. Rhd1 Bc7 $11 {1/2-1/2 Groszpeter,A-Karolyi,
T/Kecskemet 1983 (41)}) 9... Nbd7 10. Bxc4 (10. Nge4 Be7 $1 11. Nd6+ (11. Nxf6+
$11) 11... Kf8 $5 12. Bxc4 Nxc5 13. Nxc8 Rxc8 {and black's lead in development
amply compensates for the bishop pair, since if} 14. O-O Nce4 $1 15. Nxe4 Rxc4
{and black enjoys greater activity.}) 10... Nxc5 11. b4 Ncd7 12. O-O (12. Bb2
Nb6 13. Be2 Bd7 14. Nce4 Nxe4 15. Nxe4 O-O 16. Nc5 Bc6 17. O-O {1/2-1/2
Matveeva,S-Karolyi,T/Frunze 1987/TD/(17).}) 12... Nb6 13. Be2 Bd7 14. e4 O-O
15. Bf4 Be7 16. Nb5 Bc6 17. f3 Nfd7 {0-1 Sitnik,I-Held,M/Mipap Cup, Olomouc
CZE 1999 (43) and again white can boast at best the most minimal edge ( cf
notes to 9 Nd4.)}) 9. Bd2 e5 (9... Nbd7 $5 10. Ng3 Nxc5 (10... Nd5 $5 {is
worth a look.}) 11. Bxc4 Bc7 12. b4 $14) 10. Ne4 $1 Nc6 11. N2c3 $6 {After
this, black by ceding the bishop pair can reach a position in which his own
c-pawn is, if anything the less vulnerable of the two. The critical line seems
to be rather} (11. N2g3 $1 Bxd2+ $1 (11... Nxe4 $2 12. Nxe4 $16 Bxd2+ 13. Kxd2
Na5 14. Kc3 Be6 15. Nd6 b5 16. a4 $1 Nb3 17. axb5 $1 Nxc5 (17... Nxa1 18. Bxc4
$1 Bxc4 19. Kxc4 $16 {[%csl Ra1,Yb5,Yc5,Yd6]}) 18. Bxc4 Ke7 19. Rhd1 Rhd8 20.
b4 $1 Nd7 21. Bxe6 Kxe6 22. Nc4 $16 {[%csl Ra7,Re6] and white enjoyed both
material and positional advantage in 1-0 Hort,V-Garcia Gonzales,G/Leipzig 1973/
EXT 99.}) 12. Nxd2 $5 {which is untested, but pretty well obliges black to
give up his c-pawn, disturbing white's structure but falling short of a
guarantee of future material parity.} (12. Kxd2 Na5 $13) 12... c3 $1 13. bxc3
$14 Be6 14. Bc4 $5 (14. Bb5 Rc8 $5 (14... Nd7 15. Nde4) 15. Nde4 Nxe4 16. Nxe4
Na5 $13) 14... Ke7 15. Rb1 Rab8 16. Bxe6 Kxe6 17. Ke2 $14 Nd5 $140 18. Nde4 f5
19. c4) (11. Nd6 {is less impressive due to} Bxd2+ 12. Kxd2 Be6 $1 13. Nxb7+
Kc7 14. Nd6 Nd7 $13) 11... Bxc3 $1 {The point. White is forced to withdraw the
knight to recapture, after which black's healthily placed pieces palpably
compensate for the bishop pair. The rest is very easy to comprehend.} 12. Nxc3
Be6 13. f3 Nd7 14. Ne4 f5 15. Nd6 Nxc5 16. Nxc4 Nb3 17. Rd1 Nxd2 18. Nxd2 Ke7
19. Bc4 Rac8 20. Bxe6 Kxe6 21. Ke2 1/2-1/2

[Event "EU-ch 2nd"]
[Site "Ohrid"]
[Date "2001.06.11"]
[Round "10"]
[White "Nielsen, Peter Heine"]
[Black "Cvitan, Ognjen"]
[Result "0-1"]
[WhiteElo "2585"]
[BlackElo "2526"]
[Annotator "Wells,P"]
[PlyCount "130"]
[EventDate "2001.06.01"]
[EventType "swiss"]
[EventRounds "13"]
[EventCountry "YUG"]
[SourceTitle "CBM 084"]
[Source "ChessBase"]
[SourceDate "2001.09.13"]
[SourceVersion "1"]
[SourceVersionDate "2001.09.13"]
[SourceQuality "1"]

1. d4 Nf6 2. c4 e6 3. Nc3 Bb4 4. e3 c5 5. Nge2 d5 6. a3 Bxc3+ 7. Nxc3 cxd4 8.
exd4 dxc4 9. Bxc4 Nc6 {The rationale for this line is basically that although
black is obliged to cede the bishop pair, this attack on d4 forces white's
dark-squared bishop initially to a basically rather passive square. This gives
black reasonable chances of organising a blockade on the light squares.
However forcing Be3 does not close the discussion on a future deployment of
the bishop to g5 as we shall see.} 10. Be3 O-O 11. O-O h6 $5 {Radically
dealing with the Bg5 issue, although the move clearly represents some sort of
weakening of the king-side too. The alternative ( and indeed main line ) is} (
11... b6 {after which the theoretically most critical line should be the
immediate transference of the queen to h3 viz:} 12. Qf3 $5 (12. d5 {is too
simplifying, so long as black does not become too ambitious.} exd5 (12... Ne5
13. Ba2 Ba6 14. Re1 exd5 (14... Nd3 15. dxe6 Nxe1 16. exf7+ Kh8 17. Qxe1 $14)
15. Bg5 $5 (15. Nxd5 Nd3 16. Bg5 Nxe1 17. Bxf6 gxf6 18. Qxe1 $13) 15... Nd3 16.
Re2 $36) 13. Nxd5 Be6 14. Nxf6+ Qxf6 15. Bxe6 Qxe6 16. Re1 Qf5 $11 {and the B
v N is meaningless in terms of proving any plus for white.} 17. Qb1 Qb5 18. b4
h6 19. h3 Rfd8 20. Qe4 {1/2-1/2 Georgiev,K-Andersson,U/Thessaloniki 1984/EXT
97-B (20)}) (12. Qd3 Bb7 13. Rad1 h6 14. Bf4 {The other diagonal, and the e5
square in particular to which white tends to redeploy his bishop in the event
that ...h6 cuts off the preferred option. Worth noting though, that in the
World Championship match against Karpov, Korchnoi once played f3, Bf2 and got
to the h4-d8 diagonal, ...h6 notwithstanding.} Ne7 (14... Rc8 15. Ba2 Ne7 16.
Be5 Nf5 (16... Ng6 $5) 17. Qh3 Ne4 $2 {[%csl Rf5][%cal Yd4d5]} (17... Nd5) 18.
d5 $1 Ng5 19. Qg4 $40 h5 20. Qxh5 Rxc3 21. Bxc3 Nh4 22. f4 {1-0 Zaja,I-Orak,L/
Pula 2001/CBM 82 ext (22)}) 15. Rfe1 Nfd5 16. Bg3 (16. Be5 Ng6) 16... Ng6 17.
f3 Rc8 18. Nxd5 Bxd5 19. Ba6 Ra8 20. Rc1 h5 21. Kf2 Qf6 {[%csl Gd5] The
blockade of d5 is rock solid and black looks very comfortable.} 22. Qe3 Rfe8
23. Be5 {1/2-1/2 Kortschnoj,V-Hansen,C/Biel 1992/CBM 31 (23)}) 12... Bb7 13.
Bd3 $1 (13. Qg3 Ne7 14. Bd3 Ng6 15. Rad1 Qb8 $1 16. f4 $6 Nd5 17. Nxd5 Bxd5 18.
Rc1 f5 $1 19. h4 Qb7 20. Rc3 Ne7 $17 {[%csl Gb7,Gd5,Re3] 0-1 Wells,P-Chernin,A/
Odorheiu Secuiesc 1993/Inf 58 (38) and black stands very well on the light
squares, while white's dark squared bishop is rather a liability too.}) 13...
Qd7 (13... Rc8 14. Rad1 Rc7 15. Qh3 Ne7 16. Bg5 $1 Ng6 17. Qg3 Rd7 18. d5 $1 {
an excellent breakthrough, which shows the danger black faces until the d5
blockade is fully secure.} exd5 19. Bf5 Re7 20. h4 $1 Qc7 21. Qxc7 Rxc7 22.
Rfe1 Re7 23. Nb5 $44 {1-0 Kasparov,G-Psakhis,L/La Manga (m/6) 1990 (36)}) 14.
Qh3 Ne7 15. Bg5 $5 ({Interestingly} 15. Rad1 {was the choice of both Sadler
and Sherbakov, but to my mind the doubling of black's f-pawns looks the course
more likely to make trouble.} Ng6 16. f4 Nd5 17. f5 exf5 18. Bxf5 Qe7 $5 {
[%cal Ge7h4]} (18... Qc7 19. Nxd5 Bxd5 20. Rc1 Qe7 21. Qg3 Qh4 22. Bf4 Qxg3 23.
Bxg3 Rfe8 {1/2-1/2 Sadler,M-Karpov,A/Monte Carlo 1998/CBM 63 ext (34) was also
virtually equal.}) 19. Bd2 Qh4 20. Nxd5 Bxd5 21. Bxg6 Qxh3 22. Bxf7+ Rxf7 23.
gxh3 Re8 24. Rxf7 Kxf7 25. Kf2 Rc8 26. Rc1 {1/2-1/2 Sherbakov,R-Novkovic,M/It,
Presov SVK 2000 (26)}) 15... Ng6 16. Bxf6 gxf6 17. Rad1 (17. d5 $5 {
interestingly looks strong, worked out very well, but has not been repeated.}
Bxd5 18. Rad1 Rad8 19. Be4 Qb7 20. Qf3 Kg7 (20... Ne7 $5 $14) 21. Bxd5 exd5 22.
Nxd5 Rd6 23. Rd4 Rfd8 24. Rfd1 $16 {1-0 Vaganian,R-Petrosian,A/Telavi 1982/MCD
(37)}) 17... Rfd8 18. Rfe1 f5 19. d5 $1 Bxd5 20. Bxf5 Qb7 21. Bxg6 hxg6 22. Rd4
Kg7 23. Red1 $16 {1-0 Giorgadze,G-Ayas,A/Vendrell 1996/EXT 98 (42)}) 12. Bd3
$146 {A new move, and an interesting one, since generally here white seems to
feign an attempt to compete for the d5 square, before conceding that that is
not really on. In a few moves white is able to force f5, and keep his queen
competing for the weakened dark squares. Having said all that, any edge white
can claim is not the stuff of fanfares.} (12. Ba2 Ne7 13. Qf3 Nfd5 14. Rac1 b6
15. Bb1 Bb7 16. Qg3 Kh8 17. Qh3 Ng8 18. Rfe1 (18. Nxd5 Qxd5 19. Rc7 Rac8 20.
Ba2 {forces the issue, but not clearly to white's favour.} Qxa2 21. Rxb7 Qxb2
22. Rxa7 Ra8 23. Rxa8 Rxa8 24. Qf3 Ra7 25. d5 $1 Qxa3 26. dxe6 fxe6 27. Qc6 Qb3
28. Qxb6 Qxb6 29. Bxb6 Ra6 $11 {1/2-1/2 Csom,I-Varga,Z/Hotel Lippa GM,
Szentgotthard HUN 2001 (43)}) 18... Qd7 19. Bd2 Rac8 20. Re5 f5 21. Rce1 Nxc3
22. Bxc3 (22. bxc3 $5) 22... Bd5 23. Qd3 Rf6 24. f3 Ne7 {1/2-1/2 Avrukh,
B-Hulak,K/Pula 2000/CBM 77_02 (63) and again black seems to have sufficient
defensive resources.}) 12... Bd7 {[%cal Gc6e7,Gd7c6,Ge7d5] Of course, in
conjunction with 11...h6, this rather than ...b6 tends to be the more solid
and preferred mode of development.} 13. Re1 Ne7 14. Qf3 Ned5 15. Nxd5 Nxd5 16.
Qe4 $1 {All but forces f5, which is a concession of a sort, without which
white would have absolutely nothing. It is also useful to keep the queen on e5
for a while.} f5 17. Qe5 $14 Rc8 18. Bd2 Qc7 (18... Qb6 $5 {It doesn't seem
optimal to give white h3 for free.}) 19. h3 Qb6 20. b4 Qc7 {The weakness of e6
in particular prevents black from undertaking anything very positive. White's
next gains space and enhances his 'spare' bishop.} 21. b5 Qxe5 22. Rxe5 Nf6 23.
f3 Rfd8 24. Rae1 Rc7 25. Rc1 Rxc1+ 26. Bxc1 b6 27. g4 Bc8 28. Bb2 fxg4 29. hxg4
{Forcing the exchange on g4 looks like slight progress, but I suspect it is
difficult for white to really improve his position, and we should with careful
defence be headed for a draw. However, at some point the usually super-solid
Dane loses concentration and with it control.} Kf7 30. Bc4 Rd6 31. a4 g6 32.
Kf2 Nd5 33. Kg3 g5 $1 {[%csl Gf4]} 34. Re2 Bb7 35. Rh2 Kg7 36. Bb3 Rd7 37. Rc2
Kf7 38. Bc1 Kf6 39. Bd2 Kg7 40. a5 Rc7 41. Rb2 Kf6 42. axb6 axb6 43. Rb1 Rc8
44. Rh1 Kg7 45. Ra1 Ra8 46. Rxa8 Bxa8 47. Kf2 Kf7 48. Ke2 Bb7 {Black has
defended well. Time to start to consider peace negotiations.} 49. Be1 $4 {
Whoops. It is a bit hard to see what white had in mind, but the move is a
horrible mistake.} Nf4+ $17 50. Kd2 Bxf3 51. Bg3 Bxg4 52. Ke3 Kf6 53. Bc4 Kf5
54. Bd3+ Nxd3 55. Kxd3 Bh3 56. Bc7 Bf1+ 57. Ke3 Bxb5 58. Bxb6 Bc6 $19 59. Bc5
h5 60. Be7 h4 61. Kf2 Kg4 62. Bf6 Bd5 63. Be7 Kh5 64. Ke3 g4 65. Kf4 g3 0-1